000 01223nam a22003617a 4500
001 346
003 FISKH
005 20250210142143.0
008 230328b cb ||||| |||| 00| 0 eng d
020 _a9780439095105
040 _aFISKH
_cFISKH
_dFISKH
_beng
050 0 0 _aPZ7.G174
082 0 4 _a813.54
100 1 _aGardiner, John Reynolds.
_d1944-2006.
245 1 0 _aStone Fox /
_cby John Reynolds Gardiner ; illustrated by Greg Hargreaves.
250 _aFirst Scholastic printing, September 1999
260 _aNew York :
_bScholastic.
_c1980
300 _a81 pages. :
_billustrations ;
_c20 cm
500 _aOriginal copyright: 1980.
505 _aK
520 _aLittle Willie hopes to pay the back taxes on his grandfather's farm with the purse from a dog sled race he enters.
521 8 _a610
_bLexile
521 8 _aK
_bRaz-Plus
650 0 _aSled dog racing
_vJuvenile fiction.
650 0 _aDogs
_vJuvenile fiction.
650 0 _aGrandfathers
_vJuvenile fiction.
650 1 _aSled dog racing
_vFiction.
650 1 _aDogs
_vFiction.
650 1 _aGrandfathers
_vFiction.
700 1 _aSewall, Marcia
_eillustrator
906 _a7
_bcbc
_ccopycat
_d2
_encip
_f20
_gy-gencatlg
942 _2ddc
_cBK
_n0
999 _c346
_d346